000 00986nam a2200301 a 4500
001 000115555
003 CHAP
005 20240209093721.0
008 190605s2018 mx |r| ||||||spa d
010 _a112016
011 _a112988
020 _a9786071205315
040 _cCHAP
082 0 4 _a630.71
_bE74
245 0 0 _aEscuelas campesinas :
_bxv años de caminos en la construcción de saberes colectivos /
_ccoordinado por María Virginia González Santiago, Elia Patlán Martínez y David Delgado Viveros.
260 _aChapingo, Méx. :
_bUACH.,
_c2018.
300 _a187 P.
590 _aE5765TAJ
_b05
_c20190605
650 1 4 _aEducación rural.
_935586
650 1 4 _aEscuelas agrícolas.
_937623
650 1 4 _aEscuelas rurales.
_937659
700 0 _aPatlán Martínez, Elia
_ecoord.
_986188
700 1 _aDelgado Viveros, David
_ecoord.
_9175655
700 1 _aGonzález Santiago, Ma. Virginia
_ecoord.
_949402
901 _aBK
942 _cLIBRO
_2ddc
942 _n0
_2ddc
999 _c112016
_d112016